On This Day (October 10th) Multiple Choice - Statistics

General Stats
  • This quiz has been taken 10 times
  • The average score is 7 of 15
Answer Stats
Question Answer % Correct
1846 – Which moon of the planet Neptune is discovered by English astronomer William Lassell ? Triton
89%
1966 – The Beach Boys release one of their biggest singles, ranked the 6th greatest song by Rolling Stone magazine. What was the song ? Good Vibrations
78%
1957 – U.S. President Eisenhower apologizes to Ghanaian finance minister Gbedemah after he is refused service in a restaurant in which state ? Delaware
67%
1845 – The Naval School (later the United States Naval Academy) opens with 50 students in which city ? Annapolis, Maryland
56%
1580 – Over 600 Papal troops land in which country to support the Second Desmond Rebellion ? Ireland
56%
1918 – RMS Leinster is torpedoed and sunk by UB-123, killing 564 people, the worst-ever loss of life in which body of water ? Irish Sea
56%
1975 – Which Oceanian country joins the United Nations ? Papua New Guinea
56%
1964 – The Summer Olympics opening ceremony in which city is the first to be relayed live by satellites ? Tokyo
56%
1980 – The Farabundo Martí National Liberation Front is founded in which country ? El Salvador
44%
1957 – The Windscale fire results in the worst nuclear accident in which country ? United Kingdom
33%
2015 – Twin bomb blasts kill 102 and injure 400 in which Turkish city ? Ankara
22%
1920 – The Carinthian plebiscite determines that the larger part of the Duchy of Carinthia should remain part of which country ? Austria
22%
1868 – The Ten Years' War begins against Spanish rule in which country ? Cuba
22%
1471 – Sten Sture the Elder, the Regent of Sweden, repels an attack by King Christian I of Denmark after enlisting the help of farmers and which other occupation ? Miners
11%
1947 – Martin Austin Ruane a.k.a.Giant Haystacks, English wrestler is born in London. Under what name did he wrestle in The US and Canada ? Loch Ness Monster
0%
No matching quizzes found
Score Distribution
Percent of People with Each Score
Percentile by Number Answered
Your Score History
You have not taken this quiz